00343nam a2200121Ia 4500008004100000020002200041041000800063082002300071100001400094245006700108260003700175300000900212230411s9999 xx 000 0 und d a978-93-85891-52-6 aeng aN/613.2/CLE/B08924 aClement I aEssentials of Nutrition and Biochemistry for Basic BSc Nursing bJaypee BrothersaNew Delhic2018 a450p